000 00510nam a22001697a 4500
005 20251108164837.0
008 250721s1987 xx 000 0 ara d
082 1 4 _a811.95665
100 1 _aالعويس، سالم بن علي
245 1 0 _aنداء الخليج /
264 1 _aعمان :
_bدار المهد للنشر والتوزيع،
_c1987.
300 _a255ص
650 1 7 _aالشعر العربي
650 1 7 _aالإمارات العربية المتحدة
942 _2ddc
_cBK
999 _c15695
_d15695